000 00720nam a2200205Ii 4500
003 JO-AjNU
008 230605s9999||||xx |||||||||||||| ||und||
040 _aJO-AjNU
_bara
_erda
_cJO-AjNU
041 _aara
050 1 4 _aPJ7696.H34.A17
100 3 _aتأليف الطائي،حاتم,
_eauthor
_917242
245 0 0 _aمناهل الأدب العربي (52) مختارات من حاتم الطائي
264 3 1 _aبيروت:دار صادر،1900
300 _a80ص
336 _atext
_btxt
_2rdacontent
337 _aunmediated
_bn
_2rdamedia
338 _avolume
_bnc
_2rdacarrier
490 0 _aمناهل الأدب العربي 52
650 4 _a مناهل الادب العربي 52 - حاتم الطائي
_917243
999 _aA5285
_c8853
_d8853